000 00428cam a22001455a 4500
001 J100754
008 000000s1913 xxk 000 0 eng u
035 _a(Sirsi) u100754
110 _aSurveyors' Institution
_93783
245 0 4 _aThe Finance (1909-1910) Act, 1910, Part 1. Reports of appeals heard by referees. Part 2 May 1913.
260 _c1913
651 4 _aUnited Kingdom
_y
690 _aFinance and taxation
942 _n0
999 _c99803
_d99803